maths with king momo - Statistiques

Statistiques générales
  • Ce quiz a été pris 5 fois
  • Le résultat moyen est 3 sur 15
Statistiques - réponses
Question Réponse % Correct
Question 8 : Que vaut e² × e³ ? A) e⁵
33%
Question 5 : Soit f(x) = 1/x. Sur quel ensemble f(x) est-elle strictement positive ? B) ]0 ; +∞[
33%
Question 11 : Que vaut ln(e⁴) ? B) 4
33%
Question 3 : La suite 4 ; 8 ; 16 ; 32 ; 64 est-elle arithmétique ou géométrique ? Quelle est sa raison ? B) Géométrique, raison 2
33%
Question 13 : Les notes d'un groupe de 5 élèves sont : 8, 12, 14, 10, 16. Quelle est la moyenne et la médiane ? B) Moyenne = 12, médiane = 12
33%
Question 2 : Soit une suite géométrique de premier terme v₀ = 2 et de raison q = 3. Quelle est la valeur de v₄ ? B) v₄ = 162
33%
Question 12 : Que vaut ln(2) + ln(5) ? C) ln(10)
33%
Question 1 : Soit une suite arithmétique de premier terme u₀ = 3 et de raison r = 5. Quelle est la valeur de u₃ ? C) u₃ = 18
33%
Question 6 : Quelle est la solution de l'équation 1/x = 4 ? C) x = 0,25
33%
Question 7 : Soit g(x) = 2/x − 1. Quelle est la solution de g(x) = 3 ? C) x = 0,5
33%
Question 14 : Des revenus 1 200, 1 500, 1 800, 2 000, 2 200, 8 000 € : quelle mesure est la plus représentative ? B) La médiane = 1 900 €
0%
Question 4 : Un capital de 1 000 € est placé à un taux annuel de 2 %. Quel sera le capital après 3 ans ? C) 1 061,21 €
0%
Question 10 : Une bactérie se multiplie selon N(t) = 100 × e^(0,3t). Combien y a-t-il de bactéries après 5 heures ? C) ≈ 448
0%
Question 9 : Quelle est la solution de l'équation eˣ = e⁵ ? C) x = 5
0%
Question 15 : Dans une classe de 30 élèves, 18 font du sport (S) et 12 pratiquent de la musique (M), 6 font les deux. Quelle est P(S|M) ? D) 0,5
0%
Aucun quiz correspondant
Distribution des résultats
% des personnes avec chaque résultat
Percentile par nombre de réponses
Votre historique - résultats
Vous n’avez pas pris ce quiz